[Event "Wch U12"]
[Site "Al Ain"]
[Date "2013.12.22"]
[Round "6"]
[White "Azizov, Kamal Yashar"]
[Black "Batashevs, Arsens"]
[Result "1/2-1/2"]
[WhiteElo "1601"]
[BlackElo "1805"]
[PlyCount "66"]
[EventDate "2013.12.18"]
[EventType "swiss"]
[EventRounds "11"]
[EventCountry "UAE"]
[SourceTitle "CBM 158 Extra"]
[Source "ChessBase"]
[SourceDate "2014.02.28"]
[SourceVersion "1"]
[SourceVersionDate "2014.02.28"]
[SourceQuality "1"]

1. d4 g6 2. Nf3 Bg7 3. Bg5 h6 4. Bh4 c5 5. e3 cxd4 6. exd4 Nc6 7. c3 d6 8. Nbd2 Nf6 9. Bxf6 Bxf6 10. Bd3 0-0 11. 0-0 e5 12. Nb3 Bg7 13. dxe5 dxe5 14. Bc4 Bg4 15. Qxd8 Raxd8 16. h3 Bxf3 17. gxf3 Rfe8 18. Rad1 Bf8 19. Kh1 Kg7 20. Rg1 f5 21. Rde1 Kf6 22. Re2 g5 23. Rge1 Rd7 24. Nc1 Red8 25. Bb5 Rd1 26. Nb3 Rxe1+ 27. Rxe1 Rc8 28. Rd1 Rd8 29. Re1 Rc8 30. Rd1 Rd8 31. Re1 Rc8 32. Rd1 Rd8 33. Re1 Rc8 1/2-1/2

[Event "Wch U12"]
[Site "Al Ain"]
[Date "2013.12.19"]
[Round "2"]
[White "Azizov, Kamal Yashar"]
[Black "Coiffait, Pierre Basile"]
[Result "0-1"]
[WhiteElo "1601"]
[BlackElo "1965"]
[PlyCount "82"]
[EventDate "2013.12.18"]
[EventType "swiss"]
[EventRounds "11"]
[EventCountry "UAE"]
[SourceTitle "CBM 158 Extra"]
[Source "ChessBase"]
[SourceDate "2014.02.28"]
[SourceVersion "1"]
[SourceVersionDate "2014.02.28"]
[SourceQuality "1"]

1. d4 Nf6 2. Nf3 e6 3. c4 b6 4. Nc3 c5 5. d5 exd5 6. Nxd5 Bb7 7. Bg5 Be7 8. Bf4 Nxd5 9. cxd5 Bf6 10. Qd2 d6 11. e4 0-0 12. Bd3 Qe7 13. 0-0 Nd7 14. Bg3 Ne5 15. Nxe5 Bxe5 16. Bxe5 Qxe5 17. Bc2 Qxb2 18. f4 Qf6 19. Rae1 Qh6 20. Rf3 g6 21. Rh3 Qg7 22. e5 Rae8 23. Rhe3 Rd8 24. Bb3 dxe5 25. fxe5 a6 26. d6 Bc8 27. Rd1 Be6 28. Bxe6 fxe6 29. d7 Rf7 30. Qe2 Rfxd7 31. Rxd7 Qxd7 32. Qxa6 Qd1+ 33. Kf2 Rf8+ 34. Kg3 Qd4 35. Qe2 Qf4+ 36. Kh3 Qh6+ 37. Kg3 Qg5+ 38. Kh3 Rf4 39. g3 Rd4 40. Rf3 Qh6+ 41. Kg2 Rd2 0-1